| 000 | 00523nam a22001697a 4500 | ||
|---|---|---|---|
| 005 | 20251108173050.0 | ||
| 008 | 250721s2005 xx 000 0 ara d | ||
| 082 | 1 | 4 | _a956/ محا |
| 100 | 1 | _aمحاسنة، محمد حسين | |
| 245 | 1 | 0 | _aالحضارة الإسلامية ( مدخل معمق) / |
| 264 | 1 |
_aالكرك : _bمركز يزيد للنشر، _c2005. |
|
| 300 | _a327ص | ||
| 650 | 1 | 7 | _aالحضارة الإسلامية |
| 650 | 1 | 7 | _aالتاريخ الإسلامي |
| 942 |
_2ddc _cBK |
||
| 999 |
_c95235 _d95235 |
||